Pattern Sleuth II Quiz Stats

 Plays Quiz Updated Dec 31, 2012

Score 0/18 Timer 14:00
0 Plays Today
✔ Correct Words ✔ × Wrong Words × ? Which Word Works ? % Correct
Hint 2???
90.5%
✔ kayak ✔ civic ✔ racecar ✔ reviver ✔ Hannah ✔
× racecars × Hanna × laurel × burn ×
? science ? easy ? window ? rotavator ? kinky ?
???
90%
✔ bomb ✔ deviled ✔ Warsaw ✔ parsnip ✔ hush ✔ going ✔
× war × devil × giant × bombs ×
? reward ? fluff ? golden ? iodine ? remix ?
???
83.9%
Hint 1???
81.4%
✔ janitor ✔ awesome ✔ Canada ✔ aware ✔ uneducated ✔ potato ✔
× Canadian × goose × education × loving ×
? hovered ? garbage ? trough ? Quidditch ? child ?
???
69.5%
Hint 3???
58.5%
✔ frog ✔ wax ✔ sprout ✔ Arab ✔ quicker✔ jerk ✔
× cuddling × jerky × waxes × quick ×
? Haiti ? gorilla ? lollipop ? Peruvian ? quiche ?
???
55.9%
✔ cauliflower ✔ facetious ✔ exhaustion ✔ ambidextrous ✔ troublemaking ✔
× face × exhaust × flower × troublesome ×
? utopia ? erroneous ? money ? tambourine ?
???
53.3%
✔ witchcraft ✔ offspring ✔ borscht ✔ corkscrew ✔ birthstone ✔
× carpool × birthing × witch × queueing ×
? Uluru ? drywall ? mastermind ? offset ? nightclub ?
???
52.1%
✔ Correct Words ✔ × Wrong Words × ? Which Word Works ? % Correct
Hint 5???
50%
✔ zoned ✔ womb ✔ spoke ✔ sponge ✔ polka ✔ skid ✔
× sponges × zonal × speak × skidded ×
? tough ? wrong ? laughter ? principal ? tricky ?
???
49.9%
Hint 6???
45.6%
✔ uptown ✔ worst ✔ proxy ✔ typos ✔ support ✔ nosy ✔
× typers × nose × downtown × zoology ×
? actor ? discontinuity ? eel ? yours ? fundamentalism ?
???
39.9%
✔ copyrightable ✔ cranky ✔ complaint ✔ camping ✔ countryside ✔
× giggle × sides × crankier × church ×
? cuddle ? brainpower ? hospital ? trident ? Adam ?
???
38%
Hint 4???
37%
Hint 7???
29.2%
Hint 8???
26.7%
Hint 9???
19.8%

You're not logged in!

Compare scores with friends on all Sporcle quizzes.
OR
Log In

Show Comments

Extras

Top Quizzes Today


Score Distribution

Your Account Isn't Verified!

In order to create a playlist on Sporcle, you need to verify the email address you used during registration. Go to your Sporcle Settings to finish the process.

Report this User

Report this user for behavior that violates our Community Guidelines.

Details: